Регионална библиотека "Любен Каравелов" - Русе

Есперанто-български речник (Запис номер 119966)

MARC детайли
000 -Лидер
Контролно поле с фиксирана дължина 01341nam a2200349 c 4500
003 - Код на организацията, давaща контролен номер
Контролно поле BLK
005 - Дата и час на последна редакция
Контролно поле 20180420231431.0
008 - Елементи от данни с фиксирана дължина
fixed length control field 180409b bul|||||r ||||||| ||bul||
010 ## - Наследен системен номер
LC control number KNG00125582000
040 ## - Източник на каталожния запис
Идентификатор на билиотеката - собственик на записа BLK
041 ## - Код за език
Код за езика на текст/звукозапис или на отделно заглавие Есперанто
Код за езика КДБФ Други
Други езици Български
080 ## - УДК
Текстов определител УДК Лексикология. Езикови речници и разговорници. Лексикография
УДК код - определител по УДК 81`374
УДК определител =922=163.2
УДК - код + определител 81`374=922=163.2
100 1# - Редна дума - Автор
Автор Григоров, Асен
Авторска отговорност първи автор
R(LIN) 284108
139 ## - Редно поле
Редна дума Григоров, Асен
Авторски знак Григ - Г 82
245 10 - Сведения за заглавието
Заглавие Есперанто-български речник
Редно поле (дума) Асен Григоров.
250 ## - Област на изданието
Сведения за изданието 4. доп. изд.
257 ## - Страна на издаване
Страна на създаване/издаване България
260 ## - Област на издателските данни
-- София
Име на издателя, разпространителя и проч. Наука и изкуство
Година на издаване 1956
300 ## - Физическа характеристика
Страници 160 с.
Размери/Мащаб 13 см
380 ## - Жанр
Жанр Езикознание. Филология
500 ## - Общи забележки
Забележка 1. изд. 1930 на Раб. есп. съюз. - Библиогр. каре 1957.
650 #4 - Допълнително описание по предмет – тема
Основно описание – тема или топоним Есперанто - речници
9 (RLIN) 287099
650 #4 - Допълнително описание по предмет – тема
Основно описание – тема или топоним Български език - речници, българско-есперантски
9 (RLIN) 309344
653 ## - Ключова дума – ненормативна
Ключова дума есперанто
653 ## - Ключова дума – ненормативна
Ключова дума български език
653 ## - Ключова дума – ненормативна
Ключова дума речници
852 ## - Местоположение
Форматна сигнатура Цб І 1025
856 4# - Електронен адрес и достъп
Електронен формат pdf - файл
Път до файла /url/
856 4# - Електронен адрес и достъп
Електронен формат pdf - файл
Път до файла /url/
942 ## - АРТИКУЛИ
Вид на библиотечния материал Книги
Скрит в OPAC Не
944 ## - СЪЗДАВАНЕ И РЕДАКЦИЯ на ЗАПИСА
Създаване/Редакция Създаване
Дата на регистрацията/редакция 09.09.2011
Статус, дата на статуса ф / 09.09.2011
Служител, извършил регистрацията/редакцията Кети_Илиева
944 ## - СЪЗДАВАНЕ И РЕДАКЦИЯ на ЗАПИСА
Създаване/Редакция Редакция
Дата на регистрацията/редакция 19.03.2013
Статус, дата на статуса ф / 09.09.2011
Служител, извършил регистрацията/редакцията
999 ## - СИСТЕМНИ КОНТРОЛНИ НОМЕРА
Koha biblionumber 119966
Koha biblioitemnumber 119966
Наличности
Код за отписване Код за изгубен артикул Източник на класификационната схема Код за повреда Коз за рестрикции Код за отдаване Артикулен № Име на библиотеката - собственик Име на библиотеката, в която се намира в момента Статус (Текущо местоположение) Дата на вписване в системата Местоположение - отдел Цена в лева Инвентарен номер Систематично азбучна сигнатура Баркод Номер на екземпляра Цена в евро Служебна бележка Служебен тип на артикула
  Не е изгубен Universal Decimal Classification Не е повреден без рестрикции ползва се в читалня 193502 Регионална библиотека "Любен Каравелов" Русе Регионална библиотека "Любен Каравелов" Русе Читалня - справочен фонд 2011-09-07 Читалня 2.00 120000752884 СЧ 801.323.2=089=867/Г 82 120000752884 1 1.02 Дост: DA Вид: А N: 14 Дата: 07.09.2011 Дата инв: 30.03.2017 Бележки инв: СЧ2017 Книги
Изтеглен Не е изгубен Universal Decimal Classification Не е повреден без рестрикции заемане за дома 193503 Регионална библиотека "Любен Каравелов" Русе Регионална библиотека "Любен Каравелов" Русе Заемна - подръчен фонд 1956-01-01 Заемна - подръчен фонд 0.00 2487/57 П 801.323.2=867/Г 82 2487/57 2 0.00 Дост: Pk Вид: Ф N: стар фонд Дата: 01.01.1956 Книги
Изтеглен Не е изгубен Universal Decimal Classification Не е повреден без рестрикции заемане за дома 193504 Регионална библиотека "Любен Каравелов" Русе Регионална библиотека "Любен Каравелов" Русе Заемна - подръчен фонд 1956-01-01 Заемна - подръчен фонд 0.00 2891/57 П 801.323.2=867/Г 82 2891/57 3 0.00 Дост: Pk Вид: Ф N: стар фонд Дата: 01.01.1956 Книги
Изтеглен Не е изгубен Universal Decimal Classification Не е повреден без рестрикции заемане за дома 193505 Регионална библиотека "Любен Каравелов" Русе Регионална библиотека "Любен Каравелов" Русе Заемна - подръчен фонд 1956-01-01 Заемна - подръчен фонд 0.00 2893/57 П 801.323.2=867/Г 82 2893/57 4 0.00 Дост: Pk Вид: Ф N: стар фонд Дата: 01.01.1956 Книги
  Не е изгубен Universal Decimal Classification Не е повреден без рестрикции ползва се в читалня 193506 Регионална библиотека "Любен Каравелов" Русе Регионална библиотека "Любен Каравелов" Русе Хранилище 1956-01-01 Хранилище 0.60 488460 Цб І 1025 120000488460 5 0.31 Дост: Pk Вид: Ф N: стар фонд Дата: 01.01.1956 Книги
Vip Innovations Ltd, Rousse, Bulgaria 2025